|
|
|
|
| LEADER |
01035nam a2200289 a 4500 |
| 001 |
000277779 |
| 003 |
CZ BrMZK |
| 005 |
20130701203148.0 |
| 007 |
ta |
| 008 |
980115s1997 xr f cze d |
| 015 |
|
|
|a cnb000304658
|
| 020 |
|
|
|a 80-85866-27-7
|
| 035 |
|
|
|a (OCoLC)39105734
|
| 040 |
|
|
|a BOA001
|b cze
|
| 080 |
|
|
|a 235 Václav, kníže český, svatý
|2 MRF
|
| 100 |
1 |
|
|a Hošna, Jiří,
|d 1950-
|7 kpwa6238
|4 aut
|
| 245 |
1 |
0 |
|a Druhý život svatého Václava /
|c Jiří Hošna
|
| 250 |
|
|
|a Vyd. 1.
|
| 260 |
|
|
|a Praha :
|b ISV,
|c 1997
|
| 300 |
|
|
|a 233 s. ;
|c 21 cm
|
| 653 |
0 |
|
|a Václav, kníže český, svatý 907-935
|a české dějiny
|a čeští světci
|
| 910 |
|
|
|a BOA001
|b 2-1041.367
|b PK-0129.444
|
| 920 |
|
|
|a 000291300
|
| 964 |
|
|
|a Václav
|c kníže český, svatý
|f 907-935
|x život
|
| 990 |
|
|
|a BK
|
| 996 |
7 |
|
|b 2610065073
|c 2-1041.367
|l MZK
|r Sklad / do 1 hodiny
|n 50
|p p.v.
|w 000277779
|u 000010
|a 1
|e BOA001
|j MZK50
|s A
|
| 996 |
7 |
|
|b 3119011492
|c PK-0129.444
|l MZK
|r Sklad / do 1 hodiny
|n 42
|p kup
|w 000277779
|u 000020
|a 1
|e BOA001
|j MZK50
|s A
|